Pocket handbook of Christian apologetics / (Record no. 8706)

MARC details
000 -LEADER
fixed length control field 01609cam a22003254a 4500
001 - CONTROL NUMBER
control field 13129107
003 - CONTROL NUMBER IDENTIFIER
control field GBCCL
005 - DATE AND TIME OF LATEST TRANSACTION
control field 20241126110656.0
008 - FIXED-LENGTH DATA ELEMENTS--GENERAL INFORMATION
fixed length control field 030319s2003 ilu b 000 0 eng
010 ## -
-- 2003006747
020 ## - INTERNATIONAL STANDARD BOOK NUMBER
International Standard Book Number 0830827021 (pbk. : alk. paper)
040 ## - CATALOGING SOURCE
Original cataloging agency DLC
Transcribing agency DLC
Modifying agency DLC
042 ## -
-- pcc
050 00 -
-- BT1103
-- .K725 2003
082 00 - DEWEY DECIMAL CLASSIFICATION NUMBER
Classification number 239
Edition information 21
Item number KRE
100 1# - MAIN ENTRY--PERSONAL NAME
Personal name Kreeft, Peter.
9 (RLIN) 8670
245 10 - TITLE STATEMENT
Title Pocket handbook of Christian apologetics /
Statement of responsibility, etc. Peter Kreeft and Ronald K. Tacelli.
260 ## - PUBLICATION, DISTRIBUTION, ETC.
Place of publication, distribution, etc. Downers Grove, Ill. :
Name of publisher, distributor, etc. InterVarsity Press,
Date of publication, distribution, etc. c2003.
300 ## - PHYSICAL DESCRIPTION
Extent 141, [1] p. ;
Dimensions 18 cm.
500 ## - GENERAL NOTE
General note Rev. ed. of: Handbook of Christian apologetics. 1994.
504 ## - BIBLIOGRAPHY, ETC. NOTE
Bibliography, etc. note Includes bibliographical references (p. [142]).
505 0# - FORMATTED CONTENTS NOTE
Formatted contents note Apologetics -- Faith and reason -- Arguments for the existence of God -- The nature of God -- Creation and evolution -- Miracles -- The problem of evil -- The divinity of Christ -- The Resurrection -- The Bible : myth or history? -- Life after death -- Heaven and hell -- Salvation -- Christianity and other religions -- Objective truth -- Conclusion: The bottom line.
650 #0 - SUBJECT ADDED ENTRY--TOPICAL TERM
Topical term or geographic name entry element Apologetics.
9 (RLIN) 85
700 1# - ADDED ENTRY--PERSONAL NAME
Personal name Tacelli, Ronald K.
Fuller form of name (Ronald Keith),
Dates associated with a name 1947-
9 (RLIN) 8671
700 1# - ADDED ENTRY--PERSONAL NAME
Personal name Kreeft, Peter.
Title of a work Handbook of Christian apologetics.
9 (RLIN) 15359
856 41 - ELECTRONIC LOCATION AND ACCESS
Materials specified Table of contents
Uniform Resource Identifier <a href="http://www.loc.gov/catdir/toc/ecip041/2003006747.html">http://www.loc.gov/catdir/toc/ecip041/2003006747.html</a>
906 ## - LOCAL DATA ELEMENT F, LDF (RLIN)
a 7
b cbc
c orignew
d 1
e ecip
f 20
g y-gencatlg
942 ## - ADDED ENTRY ELEMENTS (KOHA)
Source of classification or shelving scheme Dewey Decimal Classification
Koha item type Books
Koha issues (borrowed), all copies 15
Holdings
Withdrawn status Lost status Source of classification or shelving scheme Damaged status Not for loan Home library Current Library Shelving location Date acquired Total checkouts Total renewals Full call number Barcode Date last seen Date last checked out Copy number Price effective from Koha item type
    Dewey Decimal Classification     GRACE BIBLE COLLEGE GRACE BIBLE COLLEGE Theology 2021-08-16 19 1 239 KRE 015149 2025-09-08 2025-09-01 c.1 2021-08-16 Books
© Grace Bible College Library 2025